Eylon Caplan
Purdue A
Categories
Literature - British Literature | 1 | 2 | 0 | 0 | 35 | 65 | 84.33 | 1 | 3 |
0 | 3 | 1 | 0 | 25 | 95 | 109.33 | 2 | 3 | |
Philosophy | 1 | 0 | 0 | 0 | 15 | 28 | 28.00 | 0 | 1 |
Other Science: Math | 0 | 1 | 0 | 1 | 10 | 149 | 149.00 | 0 | 1 |
Fine Arts - Auditory Fine Arts | 0 | 1 | 0 | 1 | 10 | 132 | 132.00 | 0 | 0 |
Literature - American Literature | 0 | 1 | 0 | 0 | 10 | 111 | 111.00 | 0 | 1 |
Beliefs | 0 | 1 | 1 | 1 | 5 | 131 | 131.00 | 0 | 0 |
Current Events | 0 | 0 | 0 | 0 | 0 | 0.00 | 0 | 0 | |
Other Science: Computer Science | 0 | 0 | 1 | 0 | -5 | 0.00 | 0 | 0 | |
Science - Physics | 0 | 0 | 1 | 0 | -5 | 0.00 | 0 | 0 | |
History - World History | 0 | 0 | 1 | 0 | -5 | 0.00 | 0 | 0 |